1734 1465 1222 1933 1822 1477 1030 1629 1983 1665 1073 1075 1749 1299 1159 1787 1916 1278 1071 1373 1888 1437 1181 1434 1713 1611 1809 1274 1790 1236 1935 1843 1275 1988 1332 1241 1210 1137 1745 1555 1671 1243 1852 1037 1090 1590 1298 1875 1554 1921 1221 1105 1841 1823 1815 1042 1543 1966 1803 1036 1278 1919 1059 1149 1654 1499 1232 1307 1847 1658 1508 1147 1986 1446 1116 1681 1108 1971 1392 1781 1189 1921 1884 1494 1358 1392 1851 1917 1652 1624 1845 1163 1905 1121 1252 1341 1182 1862 1490 BCNSPRNW ULIB Ver.6.0+V

เปลี่ยนเป็นภาษาไทย

Change to English
 แสดงรายละเอียดบรรณานุกรม
  กลับหน้าหลัก

Brief Record : Get Marc (ISO 2709) : E-mail record : QR code < ปิดหน้าต่าง
LEADER : 00000nam 2200000uu 4500
001    13399112054
003     ULIB
008    110725s2552||||th 000 0 tha d
020    9786117070198 (ล.1)
050  4 H62^bส786ว ล.1 2552
100 0  สุธีระ ประเสริฐสรรพ์
245 10 วิจัยใน--ความคิด 1 /^cสุธีระ ประเสริฐสรรพ์
246 30 วิจัยใน...ความคิด 1
250    พิมพ์ครั้งที่ 1
260    กรุงเทพฯ :^bสำนักงานกองทุนสนับสนุนการวิจัย (สกว.),^c2552
300    5 เล่ม :^bภาพประกอบ ;^c24 ซม.
650  7 การวิจัย
650  7 การศึกษา
650  7 การเรียนรู้
710 2  สำนักงานกองทุนสนับสนุนการวิจัย
740 0  วิจัยใน...ความคิด : เล่มที่ 1
740 0  หลักคิด...การวิจัย : เล่มที่ 2
740 0  วิจัย...เรื่องใกล้ตัว : เล่มที่ 3
740 0  เรียนรู้คู่วิจัย : เล่มที่ 4
740 0  วิจัยใน...จินตนาการ : เล่มที่ 5
945    ^p70^l0^i026429
945    ^p70^l0^i026430
995    ทศพร
999 ^a ทศพร
รายการนี้ยังไม่มีแท็ก
คุณยังไม่ได้ล็อกอิน คุณสามารถมีกิจกรรมร่วมกับเว็บไซต์ได้ แต่ต้องล็อกอินก่อน ::
  ล็อกอิน

รายการสื่อสารสนเทศ

ลำดับที่ ประเภท เลขเรียก/บาร์โค้ด สถานที่ สถานะ
- ไม่พบข้อมูล -

รายการใกล้เคียง
    ผู้แต่ง [สุธีระ ประเสริฐสรรพ์]

    หัวเรื่อง [การวิจัย]
    หัวเรื่อง [การศึกษา]
    หัวเรื่อง [การเรียนรู้]

BibComment


ยังไม่เคยถูกคอมเมนท์

คอมเมนท์ทรัพยากรรายการนี้
  คอมเมนท์: วิจัยในความคิด 1 ..


 Copyright 2026. Bcnsprnw @Library